Theoretische Modelle der Mehrsprachigkeit
Cieľom tohto článku je predstaviť teoretické modely viacjazyčnosti, ktoré zohľadňujú rôzne aspekty tohto jazykového fenoménu. Modely viacjazyčnosti pomáhajú pochopiť zložitosť skúmanej témy a poskytujú nový prístup k výučbe cudzích jazykov.
Salvato in:
| Autore principale: | |
|---|---|
| Natura: | Capitolo di libro |
| Lingua: | tedesco |
| Soggetti: | |
| Tags: |
Nessun Tag, puoi essere il primo ad aggiungerne!!
|
MARC
| LEADER | 00000naa$a2200000$$$4500 | ||
|---|---|---|---|
| 001 | 0305789 | ||
| 005 | 20251013104359.1 | ||
| 041 | 0 | |a ger | |
| 044 | |a CZ | ||
| 245 | 1 | 0 | |a Theoretische Modelle der Mehrsprachigkeit |
| 520 | |a Cieľom tohto článku je predstaviť teoretické modely viacjazyčnosti, ktoré zohľadňujú rôzne aspekty tohto jazykového fenoménu. Modely viacjazyčnosti pomáhajú pochopiť zložitosť skúmanej témy a poskytujú nový prístup k výučbe cudzích jazykov. | ||
| 610 | 2 | 0 | |a multikulturalizmus |
| 610 | 2 | 0 | |a jazyky cudzie |
| 610 | 2 | 0 | |a učitelia |
| 610 | 2 | 0 | |a študenti |
| 610 | 2 | 0 | |a jazykoveda |
| 610 | 2 | 0 | |a viacjazyčnosť |
| 100 | 1 | |a Paté, Magdaléna, 1980- | |